000 02063nam a2200421 c 4500
003 BLK
005 20180422103728.0
008 180408b bul|||||r ||||||| ||bul||
010 _aKNG00082821000
020 _a978-954-91494-6-3
_bиздат.: Калисто М - на том(ч. 4)
040 _aBLK
041 _aBUL
_cBUL
080 _aПехота. Обща военна служба
_b356
_x(093.3)
_z356(093.3)
080 _aВоенна история - Военни походи, битки, героични подвизи. Вж и 93/99
_b355.48
_x(470)
_z355.48(470)
080 _aВътрешна политика. Вж и 329
_b323
_x(470)
_z323(470)
100 1 _aВаренников, Валентин Иванович
_eпърви автор
_945554
700 1 _aНиколов, Димитър
_eпрев. от рус.
_9366280
139 _aВаренников, Валентин Иванович
_bВ 22
245 1 0 _aНеповторимо
_bКн. 1 -
_cВалентин Иванович Варенников; прев. от рус. Димитър Николов.
_nКн. 4. Ч. 6
_pГенералният щаб на въоръжените сили
257 _aRUS
260 София
_bБълг. писател
_c2006 -
300 _c20 см
380 _a3
490 1 _aПоредица Братство по оръжие
500 _aБез сведение за ориг. загл.
650 4 _aВоенна история - СССР
_9254921
650 4 _aГенерали, съветски
_9265250
653 _aвоенна история
653 _aгенерали
653 _aСъветски съюз
653 _aспомени
760 1 _3- на том(ч. 4)
_aВаренников, Валентин Иванович
_dСофия, Калисто М, 2007
_h398 с., 16 л. : сн.
_tКн. 4. Ч. 6 Генералният щаб на въоръжените сили
852 _aЦб 239351
856 4 _qpdf
_u
856 4 _qpdf
_u
942 _cKNG
_n0
944 _aCR
_c02.04.2008
_kГеновева_Генчева
944 _aED
_c22.05.2008
_k
999 _c78355
_d78355